000
00316nam a2200109Ia 4500
008
171211s9999 xx 000 0 und d
245
_a
No One Would Listen: A True Financial Thriller
245
_c
Harry Markopolos
260
_c
2010
650
_x
Biography
856
_u
http://down.ebook777.com/059/9780470553732.pdf
999
_c
349976
_d
349976